[Event "ENCI Limburg-open C"]
[Site "Maastricht"]
[Date "2009.06.01"]
[Round "6"]
[White "Rahangmetan, Derek Jan"]
[Black "Platje, Albert"]
[Result "1-0"]
[WhiteElo "1445"]
[BlackElo "1677"]
[PlyCount "39"]
[EventDate "2009.05.29"]
[EventType "swiss"]
[EventRounds "7"]
[EventCountry "NED"]
[Source "P.Boonen"]
[SourceDate "2010.01.01"]

1. d4 Nf6 2. e3 d5 3. Bd3 e6 4. Nd2 c5 5. c3 cxd4 6. exd4 Nc6 7. f4 Bd6 8. Ndf3
Bd7 9. Ne5 Rc8 10. Ngf3 Qb6 11. O-O Bxe5 12. Nxe5 h5 13. Rf3 Ng4 14. Kh1 Ncxe5
15. fxe5 Qd8 16. Qe1 f6 17. h3 Nh6 18. Bg6+ Nf7 19. exf6 gxf6 20. Bg5 1-0

[Event "ENCI Limburg-open C"]
[Site "Maastricht"]
[Date "2009.06.01"]
[Round "6"]
[White "Reyskens, Jules"]
[Black "Rodriguez, Abelardo"]
[Result "1-0"]
[WhiteElo "1642"]
[BlackElo "1398"]
[PlyCount "65"]
[EventDate "2009.05.29"]
[EventType "swiss"]
[EventRounds "7"]
[EventCountry "NED"]
[Source "P.Boonen"]
[SourceDate "2010.01.01"]

1. e4 e6 2. d4 d5 3. Nc3 Bb4 4. Nge2 dxe4 5. a3 Bxc3+ 6. Nxc3 Nf6 7. Bg5 Nbd7
8. Nxe4 O-O 9. Qf3 c6 10. Nxf6+ Nxf6 11. O-O-O h6 12. Bxf6 Qxf6 13. Qxf6 gxf6
14. Be2 b5 15. Bf3 Bb7 16. Rhe1 a5 17. Re4 Kh7 18. Rf4 f5 19. Rh4 Rad8 20. g4
fxg4 21. Rxg4 Rd7 22. c3 Rfd8 23. Rdg1 f5 24. Rg6 Rd6 25. Rg7+ Kh8 26. Rxb7 a4
27. Rg6 Rc8 28. Rxh6+ Kg8 29. Rbh7 Rcd8 30. Rh8+ Kf7 31. Rxd8 Rxd8 32. Bxc6 Rb8
33. f4 1-0

[Event "ENCI Limburg-open C"]
[Site "Maastricht"]
[Date "2009.06.01"]
[Round "6"]
[White "Roemhild, Wolfgang"]
[Black "Freriks, Oscar"]
[Result "1-0"]
[WhiteElo "1648"]
[BlackElo "1549"]
[PlyCount "55"]
[EventDate "2009.05.29"]
[EventType "swiss"]
[EventRounds "7"]
[EventCountry "NED"]
[Source "P.Boonen"]
[SourceDate "2010.01.01"]

1. b3 g6 2. Bb2 Nf6 3. e4 d6 4. d4 Bg7 5. Bd3 a6 6. Nf3 b5 7. Nbd2 Bb7 8. Qe2
e6 9. d5 O-O 10. dxe6 fxe6 11. O-O Nc6 12. a3 Qd7 13. Rad1 Bh6 14. e5 Nh5 15.
exd6 cxd6 16. Ne4 Nf4 17. Qe1 e5 18. Nxd6 Nxg2 19. Qe4 Nd4 20. Nxb7 Rf4 21.
Nxe5 Qe6 22. Qxg2 Qxe5 23. f3 Qe3+ 24. Kh1 Rxf3 25. Rxf3 Nxf3 26. Bc1 Qe5 27.
Bxh6 Nh4 28. Qe4 1-0

[Event "ENCI Limburg-open C"]
[Site "Maastricht"]
[Date "2009.06.01"]
[Round "6"]
[White "Schueller, Tobias"]
[Black "Mohr, Markus"]
[Result "0-1"]
[WhiteElo "1597"]
[BlackElo "1671"]
[PlyCount "64"]
[EventDate "2009.05.29"]
[EventType "swiss"]
[EventRounds "7"]
[EventCountry "NED"]
[Source "P.Boonen"]
[SourceDate "2010.01.01"]

1. e4 d5 2. exd5 Qxd5 3. Nc3 Qa5 4. d4 Nf6 5. Bc4 c6 6. Bd2 Qc7 7. Qe2 Bf5 8.
O-O-O e6 9. Nf3 Bd6 10. h3 O-O 11. g4 Bg6 12. Nh4 Nbd7 13. Nxg6 hxg6 14. h4 Nb6
15. Bb3 Bf4 16. Rdg1 Bxd2+ 17. Qxd2 Rfd8 18. Qe3 Nbd5 19. Nxd5 exd5 20. f3 Re8
21. Qd2 Re6 22. h5 Nh7 23. g5 Rae8 24. Rg2 gxh5 25. c3 g6 26. Bc2 Re3 27. Bd1
Qf4 28. Re1 Nxg5 29. Rge2 Nxf3 30. Rxe3 Nxd2 31. Rxe8+ Kg7 32. R1e3 Nc4 0-1

[Event "ENCI Limburg-open C"]
[Site "Maastricht"]
[Date "2009.06.01"]
[Round "6"]
[White "Sharifi Shamili, Ashkan"]
[Black "Elisen, Peter"]
[Result "1-0"]
[WhiteElo "1653"]
[BlackElo "1621"]
[PlyCount "67"]
[EventDate "2009.05.29"]
[EventType "swiss"]
[EventRounds "7"]
[EventCountry "NED"]
[Source "P.Boonen"]
[SourceDate "2010.01.01"]

1. Nf3 Nf6 2. g3 g6 3. Bg2 Bg7 4. c4 c5 5. Nc3 Nc6 6. d3 O-O 7. Bd2 Rb8 8. Qc1
a6 9. Bh6 b5 10. Bxg7 Kxg7 11. cxb5 axb5 12. O-O Qb6 13. Qd2 Bb7 14. e3 d6 15.
Rfc1 e5 16. b3 Ne7 17. d4 e4 18. dxc5 dxc5 19. Ng5 Rbd8 20. Qe2 Rfe8 21. Qxb5
Qxb5 22. Nxb5 h6 23. Nh3 c4 24. bxc4 Rd3 25. c5 Bc6 26. Nd4 Ra3 27. Nf4 Rea8
28. Nxc6 Nxc6 29. Ne2 Re8 30. Nd4 Rc8 31. Nb5 Ra5 32. Nd6 Rca8 33. Nxe4 Rxa2
34. Rxa2 1-0

[Event "ENCI Limburg-open C"]
[Site "Maastricht"]
[Date "2009.06.01"]
[Round "6"]
[White "Sterck, Arno"]
[Black "Titgemeyer, Eva Maria"]
[Result "1-0"]
[WhiteElo "1343"]
[BlackElo "1055"]
[PlyCount "73"]
[EventDate "2009.05.29"]
[EventType "swiss"]
[EventRounds "7"]
[EventCountry "NED"]
[Source "P.Boonen"]
[SourceDate "2010.01.01"]

1. e4 e5 2. Nf3 Nc6 3. d4 exd4 4. Nxd4 d5 5. Nxc6 bxc6 6. exd5 cxd5 7. Bb5+ Bd7
8. Qxd5 Qc8 9. Bxd7+ Qxd7 10. Qxa8+ Qd8 11. Qxd8+ Kxd8 12. O-O Nf6 13. Bg5 h6
14. Bxf6+ gxf6 15. Nc3 Rg8 16. Rad1+ Kc8 17. Rfe1 Bd6 18. Nb5 Bc5 19. Nc3 h5
20. Nd5 f5 21. Ne7+ Bxe7 22. Rxe7 f6 23. Rdd7 Kb8 24. Rxc7 a5 25. Rb7+ Kc8 26.
Rec7+ Kd8 27. Rb8+ Kxc7 28. Rxg8 Kd6 29. Rh8 Kd5 30. Rxh5 Ke4 31. f3+ Ke5 32.
g3 Ke6 33. c4 Ke5 34. c5 Ke6 35. c6 Kd6 36. Rxf5 Kxc6 37. Rxf6+ 1-0

[Event "ENCI Limburg-open C"]
[Site "Maastricht"]
[Date "2009.06.01"]
[Round "6"]
[White "Tutenel, Eric"]
[Black "Begri, Felix"]
[Result "1-0"]
[WhiteElo "1674"]
[BlackElo "1625"]
[PlyCount "53"]
[EventDate "2009.05.29"]
[EventType "swiss"]
[EventRounds "7"]
[EventCountry "NED"]
[Source "P.Boonen"]
[SourceDate "2010.01.01"]

1. e4 e6 2. d4 d5 3. exd5 exd5 4. c4 Nc6 5. Nf3 Bg4 6. cxd5 Qxd5 7. Be2 O-O-O
8. Nc3 Bb4 9. O-O Bxc3 10. bxc3 Nf6 11. Be3 h5 12. c4 Qa5 13. Rb1 Ne4 14. Qb3
b6 15. Rfc1 Bf5 16. Bd3 Ne7 17. c5 Nd5 18. cxb6 axb6 19. Qc4 Qa7 20. Ne5 Nxe3
21. fxe3 Be6 22. Qb4 Bd5 23. Qxb6 Qxb6 24. Rxb6 Nd2 25. Ba6+ Bb7 26. Bxb7+ Kb8
27. Nc6# 1-0

[Event "ENCI Limburg-open C"]
[Site "Maastricht"]
[Date "2009.06.01"]
[Round "6"]
[White "Van Herck, Raf"]
[Black "Uiterwijk, Jos"]
[Result "0-1"]
[WhiteElo "1625"]
[BlackElo "1681"]
[PlyCount "112"]
[EventDate "2009.05.29"]
[EventType "swiss"]
[EventRounds "7"]
[EventCountry "NED"]
[Source "P.Boonen"]
[SourceDate "2010.01.01"]

1. e4 c5 2. Nf3 a6 3. d4 cxd4 4. Nxd4 e5 5. Nb3 Nf6 6. Bg5 Be7 7. N1d2 b5 8.
Bd3 O-O 9. O-O Nc6 10. Nf3 d6 11. Re1 Bg4 12. Nbd2 Rc8 13. Be2 Bxf3 14. Nxf3
Nxe4 15. Bxe7 Qxe7 16. Bxb5 Nxf2 17. Kxf2 axb5 18. c3 Rfd8 19. Qd5 b4 20. c4
Qf6 21. Kg1 Ne7 22. Qd2 Rb8 23. Rad1 Ng6 24. Rf1 Qf4 25. Qd3 e4 26. Qd5 Qe3+
27. Kh1 exf3 28. Rxf3 Qe6 29. Qd4 Qe5 30. Qd2 Qc5 31. b3 Ne5 32. Re3 f6 33. h3
Rb6 34. Kh2 Ra6 35. Ree1 Rda8 36. Ra1 Qc7 37. Kh1 Qc5 38. Kh2 Re8 39. Rad1 Re7
40. Rc1 Raa7 41. Rcd1 Nf7 42. Rc1 Rxe1 43. Rxe1 Ne5 44. Qe2 Qd4 45. Rd1 Qc5 46.
Re1 Re7 47. Kh1 Nc6 48. Qd2 Rxe1+ 49. Qxe1 Ne5 50. Qe2 Qd4 51. Qh5 h6 52. Qf5
Qd3 53. Qc8+ Kh7 54. Kh2 Qe4 55. Kh1 Ng6 56. Qd7 Nh4 0-1

[Event "ENCI Limburg-open C"]
[Site "Maastricht"]
[Date "2009.06.01"]
[Round "6"]
[White "Van Herck, Rob"]
[Black "Lenders, Raoul"]
[Result "1-0"]
[WhiteElo "1535"]
[BlackElo "1652"]
[PlyCount "121"]
[EventDate "2009.05.29"]
[EventType "swiss"]
[EventRounds "7"]
[EventCountry "NED"]
[Source "P.Boonen"]
[SourceDate "2010.01.01"]

1. e4 e5 2. Nf3 Nc6 3. d4 exd4 4. Nxd4 Bc5 5. Nb3 Bb6 6. a4 a6 7. a5 Ba7 8. Nc3
Qf6 9. f4 d6 10. Nd5 Qd8 11. Bc4 Nf6 12. Qf3 O-O 13. Be3 Nxd5 14. Bxd5 Nb4 15.
O-O-O Bxe3+ 16. Qxe3 Nxd5 17. Rxd5 Re8 18. Rhd1 Bg4 19. R1d2 Be6 20. R5d3 Bc4
21. Rd4 Bxb3 22. Qxb3 Qc8 23. e5 dxe5 24. Rd7 Rf8 25. fxe5 Rb8 26. e6 fxe6 27.
Qxe6+ Kh8 28. Qe7 Rf1+ 29. Rd1 Rxd1+ 30. Kxd1 Qg8 31. c4 b6 32. Qf7 Qxf7 33.
Rxf7 Rc8 34. axb6 cxb6 35. Rb7 Rd8+ 36. Kc2 Re8 37. Kd3 Rd8+ 38. Kc3 b5 39.
cxb5 Rc8+ 40. Kd4 Rd8+ 41. Ke3 Re8+ 42. Kf3 Rf8+ 43. Ke4 Re8+ 44. Kd5 axb5 45.
Rxb5 h6 46. b4 Re2 47. Kc6 Rxg2 48. Rh5 g5 49. Rxh6+ Kg7 50. Rh3 Rc2+ 51. Kb6
Kg6 52. b5 Kg7 53. Kb7 Kg6 54. b6 Kg7 55. Rg3 Kf6 56. h3 Kf5 57. Rb3 Kf4 58.
Kb8 Rc1 59. b7 Re1 60. Ka7 Re7 61. Ka8 1-0

[Event "ENCI Limburg-open C"]
[Site "Maastricht"]
[Date "2009.06.01"]
[Round "6"]
[White "Van Leeuwen, Jan"]
[Black "Chappin, Rene"]
[Result "1-0"]
[WhiteElo "1612"]
[BlackElo "1632"]
[PlyCount "57"]
[EventDate "2009.05.29"]
[EventType "swiss"]
[EventRounds "7"]
[EventCountry "NED"]
[Source "P.Boonen"]
[SourceDate "2010.01.01"]

1. d4 Nf6 2. Nf3 d5 3. e3 Bf5 4. Bd3 Bxd3 5. cxd3 e6 6. Nbd2 Nbd7 7. O-O Nb6 8.
Re1 Be7 9. Ne5 Nfd7 10. f4 Nxe5 11. dxe5 g6 12. Nf3 c5 13. Bd2 Qd7 14. b3 Qb5
15. Bc3 h6 16. a4 Qc6 17. Rc1 Nd7 18. Bb2 b6 19. Nd4 Qb7 20. Nb5 Qc6 21. Qe2 a6
22. Nc3 Qb7 23. e4 d4 24. Nb1 a5 25. Nd2 Rc8 26. Rf1 Nf8 27. Nc4 Rc6 28. Qf2 b5
29. Nxa5 1-0

[Event "ENCI Limburg-open C"]
[Site "Maastricht"]
[Date "2009.06.01"]
[Round "6"]
[White "Van Odijk, Frank"]
[Black "Keetman, Maaike"]
[Result "1-0"]
[WhiteElo "1635"]
[BlackElo "1341"]
[PlyCount "99"]
[EventDate "2009.05.29"]
[EventType "swiss"]
[EventRounds "7"]
[EventCountry "NED"]
[Source "P.Boonen"]
[SourceDate "2010.01.01"]

1. d4 c6 2. c4 d5 3. e3 Bf5 4. Nf3 Nf6 5. Nc3 e6 6. a3 c5 7. cxd5 exd5 8. dxc5
Bxc5 9. Bb5+ Bd7 10. Bxd7+ Qxd7 11. O-O O-O 12. b4 Bd6 13. Bb2 Nc6 14. Kh1 Bc7
15. Nb5 Ng4 16. Nxc7 Qxc7 17. Qxd5 Rad8 18. Qg5 f5 19. h3 Nge5 20. Nxe5 Nxe5
21. Qf4 Rde8 22. Rfd1 Qe7 23. Rd5 Ng6 24. Qd4 Rf7 25. Rd1 b6 26. Rd6 Nf8 27.
Qd5 Ne6 28. Qc4 Ng5 29. Rd7 Qe4 30. Qxe4 Nxe4 31. Kg1 Nf6 32. Bxf6 Rxf6 33.
Rxa7 h6 34. Rad7 Kh7 35. R7d6 Ree6 36. Rxe6 Rxe6 37. Rd5 g6 38. Kf1 Kg7 39. g3
Kf6 40. Ke2 Rc6 41. Kd2 Ke6 42. Rd3 Ke5 43. Rd4 Ke6 44. a4 Ke5 45. a5 bxa5 46.
bxa5 Ra6 47. Ra4 Kd5 48. Kc3 Kc5 49. Kb3 Kb5 50. Rd4 1-0

[Event "ENCI Limburg-open C"]
[Site "Maastricht"]
[Date "2009.06.01"]
[Round "6"]
[White "Van der Werff, Silvia"]
[Black "Heijltjes, Thijs"]
[Result "0-1"]
[WhiteElo "1259"]
[BlackElo "1450"]
[PlyCount "168"]
[EventDate "2009.05.29"]
[EventType "swiss"]
[EventRounds "7"]
[EventCountry "NED"]
[Source "P.Boonen"]
[SourceDate "2010.01.01"]

1. e4 e5 2. Nf3 d6 3. Bc4 Be7 4. c3 Nd7 5. d4 Nb6 6. Bb3 Bg4 7. dxe5 dxe5 8.
Qxd8+ Rxd8 9. Bxf7+ Kf8 10. Bb3 Bxf3 11. gxf3 Nd7 12. Be3 Bc5 13. Bg5 Be7 14.
Rg1 h6 15. Bxe7+ Nxe7 16. Nd2 Nc5 17. Bc2 Ne6 18. Nc4 Nc6 19. Ne3 Nf4 20. Bb3
Nd3+ 21. Ke2 Nf4+ 22. Kf1 Rd2 23. Rb1 Nd3 24. Rg2 Nf4 25. Rg1 Nd3 26. Kg2 Rxf2+
27. Kg3 Re2 28. Nd5 Na5 29. Ba4 c6 30. Nc7 Nxb2 31. Bd1 Nxd1 32. Rbxd1 Ke7 33.
Kh3 Rg8 34. Rg6 Kf7 35. Rgd6 Nc4 36. Rd7+ Kg6 37. Ne6 Kh7 38. Rxb7 Nd2 39. Rb2
Re8 40. Nc5 Rf8 41. f4 Re3+ 42. Kg2 Nc4 43. Rb7 Rxc3 44. Ne6 Ne3+ 45. Kg1 Nxd1
46. Nxf8+ Kg8 47. Ne6 exf4 48. Nxf4 Ra3 49. Rd7 Ne3 50. e5 Rxa2 51. e6 Ra1+ 52.
Kf2 Ng4+ 53. Kg3 Nf6 54. Rd8+ Kh7 55. Rc8 Rc1 56. Rc7 a5 57. e7 Re1 58. Rxc6
Rxe7 59. Ra6 Re5 60. Kf3 Rf5 61. Ke3 Ng4+ 62. Ke4 Re5+ 63. Kd4 Rb5 64. h4 Rb4+
65. Kd3 Rxf4 66. Rxa5 Nf6 67. h5 Rh4 68. Ke3 Nxh5 69. Ra7 Kg6 70. Ra6+ Nf6 71.
Kf3 Rb4 72. Rc6 h5 73. Kg3 Rd4 74. Rc1 Rd6 75. Kh4 Kh6 76. Rg1 g5+ 77. Kh3 Rd3+
78. Kh2 Ng4+ 79. Kg2 h4 80. Kf1 Kh5 81. Ke2 Re3+ 82. Kf1 h3 83. Rh1 Kh4 84. Kg1
Re1# 0-1

[Event "ENCI Limburg-open C"]
[Site "Maastricht"]
[Date "2009.06.01"]
[Round "6"]
[White "Visse, Bernard"]
[Black "Ramaekers, Philippe"]
[Result "1-0"]
[WhiteElo "1668"]
[BlackElo "1570"]
[PlyCount "79"]
[EventDate "2009.05.29"]
[EventType "swiss"]
[EventRounds "7"]
[EventCountry "NED"]
[Source "P.Boonen"]
[SourceDate "2010.01.01"]

1. Nf3 Nf6 2. g3 g6 3. d3 d6 4. Bg2 Bg7 5. O-O O-O 6. c3 Nbd7 7. Nbd2 c5 8. Re1
Qc7 9. e4 a6 10. a4 e6 11. Nf1 c4 12. d4 Rb8 13. a5 b6 14. axb6 Nxb6 15. e5
dxe5 16. Nxe5 Nfd7 17. Bf4 Nxe5 18. Rxe5 Qe7 19. Re1 Rb7 20. Rxa6 Rb8 21. Ra1
Rb7 22. Bxb7 Bxb7 23. Ra7 Nc8 24. Ra4 Qd7 25. Nd2 Qd5 26. f3 g5 27. Be3 g4 28.
Rf1 Nd6 29. b3 gxf3 30. Qxf3 Qb5 31. Qe2 cxb3 32. Qxb5 Nxb5 33. Rb4 Bc6 34.
Rxb3 e5 35. Nf3 exd4 36. Nxd4 Nxd4 37. Bxd4 Bh6 38. Rb6 Rc8 39. Rf6 Re8 40.
Rbxc6 1-0

[Event "ENCI Limburg-open C"]
[Site "Maastricht"]
[Date "2009.06.01"]
[Round "6"]
[White "Vissers, Yorrick"]
[Black "Maessen, Roy"]
[Result "1-0"]
[WhiteElo "1670"]
[BlackElo "1394"]
[PlyCount "85"]
[EventDate "2009.05.29"]
[EventType "swiss"]
[EventRounds "7"]
[EventCountry "NED"]
[Source "P.Boonen"]
[SourceDate "2010.01.01"]

1. e4 d5 2. exd5 Nf6 3. c4 c6 4. Nc3 cxd5 5. cxd5 Nxd5 6. g3 Nxc3 7. bxc3 e5 8.
Bg2 Qc7 9. Nf3 Bg4 10. Qa4+ Bd7 11. Qb3 Nc6 12. O-O Bc5 13. Re1 O-O 14. Bb2 Be6
15. Qc2 Qb6 16. d3 f6 17. d4 Bd6 18. c4 Nb4 19. Qc3 Bxc4 20. Qxc4+ Kh8 21. Rac1
Nc6 22. dxe5 Na5 23. Qc2 fxe5 24. Bxe5 Bxe5 25. Nxe5 Qe6 26. Nf3 Qg4 27. Qe4
Qd7 28. Ne5 Qd2 29. Qe2 Qd4 30. Rcd1 Qc5 31. Nd7 Qc7 32. Nxf8 Rxf8 33. Qe8 Qc5
34. Rd8 h6 35. Qxf8+ Qxf8 36. Rxf8+ Kh7 37. Re7 Kg6 38. Bxb7 Nxb7 39. Rxb7 a6
40. Ra7 Kh5 41. Rxa6 g5 42. f3 g4 43. Rf5# 1-0

[Event "ENCI Limburg-open C"]
[Site "Maastricht"]
[Date "2009.06.01"]
[Round "6"]
[White "Weerts, Rene"]
[Black "Dijkstra, Hidde"]
[Result "1-0"]
[WhiteElo "1556"]
[BlackElo "1274"]
[PlyCount "93"]
[EventDate "2009.05.29"]
[EventType "swiss"]
[EventRounds "7"]
[EventCountry "NED"]
[Source "P.Boonen"]
[SourceDate "2010.01.01"]

1. d4 d5 2. Nf3 c5 3. e3 Nc6 4. c3 e6 5. Bb5 a6 6. Bxc6+ bxc6 7. Ne5 Qc7 8. O-O
Bd6 9. f4 c4 10. Nd2 Nf6 11. b3 cxb3 12. axb3 O-O 13. Rf3 Ne4 14. Nxe4 dxe4 15.
Rg3 f5 16. Qh5 Bxe5 17. fxe5 c5 18. Ba3 Rf7 19. Bxc5 Qc6 20. Qg5 Bd7 21. b4 Qb5
22. h4 Qd3 23. Kh2 Qxc3 24. Rxa6 Rc8 25. Ra7 Qc4 26. Qf4 Qb5 27. Qf2 Qb8 28.
Qa2 h6 29. Bd6 Qb5 30. Ra8 Qc6 31. Rxc8+ Qxc8 32. Qa5 Bc6 33. Qc5 Qb7 34. Rg6
Bd5 35. Rg3 Qc6 36. b5 Qb7 37. b6 Rd7 38. Rh3 Rd8 39. Kg3 Ra8 40. Rh1 Qc6 41.
Rb1 Qb7 42. Qc7 Ra3 43. Bxa3 g5 44. hxg5 hxg5 45. Qd8+ Kh7 46. Rh1+ Kg6 47.
Qf6# 1-0

[Event "ENCI Limburg-open C"]
[Site "Maastricht"]
[Date "2009.06.01"]
[Round "6"]
[White "Yue, Tim"]
[Black "De Lange, Gerard"]
[Result "1-0"]
[WhiteElo "1497"]
[BlackElo "1668"]
[PlyCount "135"]
[EventDate "2009.05.29"]
[EventType "swiss"]
[EventRounds "7"]
[EventCountry "NED"]
[Source "P.Boonen"]
[SourceDate "2010.01.01"]

1. e4 e6 2. d4 d5 3. exd5 Qxd5 4. Nf3 Nf6 5. Bd3 Nc6 6. O-O Be7 7. Nc3 Qd8 8.
Be3 O-O 9. a3 Nd5 10. Nxd5 exd5 11. Nd2 Bf6 12. c3 Ne7 13. Qc2 Ng6 14. Rae1 Re8
15. f4 Bh4 16. Bxg6 fxg6 17. Bf2 Rxe1 18. Rxe1 Bxf2+ 19. Kxf2 Qh4+ 20. Kf1 Bf5
21. Qc1 Qxf4+ 22. Nf3 Qxc1 23. Rxc1 Bd3+ 24. Kg1 Re8 25. Ne5 Bb5 26. b4 Re6 27.
Ra1 Kf8 28. Ra2 Ke7 29. a4 Ra6 30. a5 Rf6 31. Rf2 b6 32. axb6 cxb6 33. Rxf6
gxf6 34. Nf3 Ke6 35. Kf2 Kf5 36. Nd2 Kf4 37. h3 h5 38. g3+ Kg5 39. Ke3 Bd7 40.
Nf3+ Kh6 41. Ng1 g5 42. Kd2 Kg6 43. Ke3 Kf5 44. Ne2 Kg6 45. Ng1 h4 46. g4 f5
47. Nf3 Kf6 48. Ne5 Bc8 49. b5 fxg4 50. hxg4 Ke6 51. Kf3 a5 52. bxa6 Bxa6 53.
Kf2 b5 54. Nf3 Kf6 55. Ne5 Bc8 56. Kg2 Bxg4 57. Nxg4+ Kf5 58. Kf3 Ke6 59. Ne3
Kd6 60. Kg4 Kc6 61. Kxg5 h3 62. Ng4 b4 63. cxb4 Kb5 64. Kf4 Kxb4 65. Ke5 Kc4
66. Nh2 Kb5 67. Kxd5 Kb6 68. Ke6 1-0

[Event "ENCI Limburg-open C"]
[Site "Maastricht"]
[Date "2009.06.01"]
[Round "7"]
[White "Akkerboom, Hans"]
[Black "Marcoen, Tom"]
[Result "1-0"]
[WhiteElo "1255"]
[BlackElo "1488"]
[PlyCount "61"]
[EventDate "2009.05.29"]
[EventType "swiss"]
[EventRounds "7"]
[EventCountry "NED"]
[Source "P.Boonen"]
[SourceDate "2010.01.01"]

1. e4 e6 2. d4 d5 3. Nd2 Nf6 4. e5 Nfd7 5. Ngf3 c5 6. c3 Nc6 7. Bd3 cxd4 8.
cxd4 Be7 9. O-O O-O 10. Nb3 f6 11. exf6 Bxf6 12. Qc2 h6 13. Bd2 Nb6 14. Rfe1
Bd7 15. Rac1 Rc8 16. Qb1 Re8 17. Ne5 Nxe5 18. dxe5 Be7 19. Rxc8 Nxc8 20. Re3
Bg5 21. Bh7+ Kh8 22. Rg3 Bxd2 23. Nxd2 Re7 24. Nf3 Be8 25. Nh4 g5 26. Ng6+ Bxg6
27. Bxg6 Rg7 28. Rh3 Qc7 29. Rxh6+ Kg8 30. Qc2 Qd7 31. Bh5 1-0

[Event "ENCI Limburg-open C"]
[Site "Maastricht"]
[Date "2009.06.01"]
[Round "7"]
[White "Arns, Danny"]
[Black "Houben, Niels"]
[Result "1-0"]
[WhiteElo "1438"]
[BlackElo "1243"]
[PlyCount "121"]
[EventDate "2009.05.29"]
[EventType "swiss"]
[EventRounds "7"]
[EventCountry "NED"]
[Source "P.Boonen"]
[SourceDate "2010.01.01"]

1. e4 e6 2. Nc3 d5 3. exd5 exd5 4. d4 Nf6 5. Nf3 Be6 6. Be2 Bd6 7. O-O O-O 8.
Bg5 Nbd7 9. Re1 a6 10. a3 c5 11. dxc5 Bxc5 12. h3 Qb6 13. Rf1 Qc7 14. Bxf6 Nxf6
15. Nh2 Rad8 16. Ng4 Ne4 17. Qd3 Ng3 18. Rfe1 Bf5 19. Qd1 Bxg4 20. Bxg4 Qf4 21.
Qf3 Qxf3 22. Bxf3 b5 23. Bxd5 Nf5 24. Bb7 a5 25. Ne4 Bb6 26. Ba6 Nd4 27. Rac1
Rfe8 28. Nd6 Ne2+ 29. Kf1 Rxd6 30. Rxe2 Red8 31. Rce1 g6 32. Bxb5 Rd1 33. Bd3
Rxe1+ 34. Kxe1 Kf8 35. b3 Re8 36. Rxe8+ Kxe8 37. f3 Bc5 38. a4 Bb4+ 39. Ke2 Ke7
40. Ke3 h6 41. Kd4 Kf6 42. c3 Bd6 43. c4 Kg5 44. c5 Bc7 45. Kc4 Kf4 46. b4 Kg3
47. b5 Kxg2 48. b6 Be5 49. c6 Kxf3 50. c7 f6 51. c8=Q f5 52. Qe6 g5 53. Qxe5 f4
54. Qxa5 Kg3 55. b7 f3 56. b8=Q+ Kg2 57. Qd2+ f2 58. Qf8 Kxh3 59. Qfxf2 Kg4 60.
Qd1+ Kh3 61. Qdf3# 1-0

[Event "ENCI Limburg-open C"]
[Site "Maastricht"]
[Date "2009.06.01"]
[Round "7"]
[White "Begri, Felix"]
[Black "Bok, Gidius"]
[Result "1-0"]
[WhiteElo "1625"]
[BlackElo "1482"]
[PlyCount "109"]
[EventDate "2009.05.29"]
[EventType "swiss"]
[EventRounds "7"]
[EventCountry "NED"]
[Source "P.Boonen"]
[SourceDate "2010.01.01"]

1. d4 d5 2. c4 Nf6 3. Nf3 Bg4 4. Nbd2 Nc6 5. e3 e6 6. a3 Be7 7. Bd3 e5 8. dxe5
Nxe5 9. Be2 Bxf3 10. gxf3 dxc4 11. Bxc4 Nxc4 12. Qa4+ c6 13. Qxc4 Qa5 14. b4
Qg5 15. Bb2 Qg2 16. O-O-O Qxf2 17. e4 O-O 18. Rhg1 Qxh2 19. e5 Ne8 20. Rh1 Qf2
21. Rdg1 Rd8 22. Qc2 h6 23. Bc3 c5 24. Rg4 Qe3 25. Rhg1 Qd3 26. Qb3 Rc8 27. Kb2
cxb4 28. axb4 Rd8 29. f4 Qd5 30. Qc2 Qd3 31. Qc1 Rc8 32. R1g3 Qb5 33. f5 Bxb4
34. Rxb4 Qxb4+ 35. Bxb4 Rxc1 36. Kxc1 Nc7 37. Bxf8 Kxf8 38. Rc3 Nb5 39. Rc8+
Ke7 40. Rb8 b6 41. Rb7+ Kf8 42. Ne4 h5 43. Rb8+ Ke7 44. Rb7+ Kf8 45. f6 gxf6
46. exf6 Ke8 47. Ng5 Nd6 48. Rxa7 Kf8 49. Ra8+ Ne8 50. Kb2 h4 51. Kb3 h3 52.
Nxh3 Kg8 53. Rxe8+ Kh7 54. Nf4 Kh6 55. Re5 1-0

[Event "ENCI Limburg-open C"]
[Site "Maastricht"]
[Date "2009.06.01"]
[Round "7"]
[White "Beukema, Chris"]
[Black "Heuts, Guido"]
[Result "0-1"]
[WhiteElo "862"]
[BlackElo "1510"]
[PlyCount "64"]
[EventDate "2009.05.29"]
[EventType "swiss"]
[EventRounds "7"]
[EventCountry "NED"]
[Source "P.Boonen"]
[SourceDate "2010.01.01"]

1. e4 c6 2. Nc3 d5 3. d3 e6 4. Nf3 Nd7 5. b3 Ngf6 6. Bb2 c5 7. e5 Ng4 8. h3
Ngxe5 9. Nxe5 Nxe5 10. Qe2 Nc6 11. O-O-O Be7 12. g3 a6 13. Bg2 Nd4 14. Qg4 O-O
15. Rhe1 b6 16. Ne2 Nxe2+ 17. Rxe2 Bf6 18. c4 Rb8 19. cxd5 exd5 20. Bxd5 Bxg4
21. hxg4 Bxb2+ 22. Kxb2 Qxd5 23. Rde1 b5 24. f4 Qxd3 25. Rh2 Qxg3 26. Reh1 f6
27. Rxh7 Qxg4 28. Rh8+ Kf7 29. R8h4 Qg2+ 30. Ka3 b4+ 31. Ka4 Qc6+ 32. Ka5 Qb5#
0-1

[Event "ENCI Limburg-open C"]
[Site "Maastricht"]
[Date "2009.06.01"]
[Round "7"]
[White "Bex, Lennert"]
[Black "Titgemeyer, Eva Maria"]
[Result "1-0"]
[WhiteElo "1249"]
[BlackElo "1055"]
[PlyCount "99"]
[EventDate "2009.05.29"]
[EventType "swiss"]
[EventRounds "7"]
[EventCountry "NED"]
[Source "P.Boonen"]
[SourceDate "2010.01.01"]

1. d4 d5 2. e3 Nf6 3. c4 e6 4. Bd3 Nbd7 5. Nf3 Be7 6. Nc3 c6 7. O-O O-O 8. Bd2
b6 9. Qb3 Bb7 10. a4 Qc7 11. Qc2 c5 12. cxd5 exd5 13. dxc5 bxc5 14. Nb5 Qc6 15.
Ng5 d4 16. f3 dxe3 17. Bxe3 a6 18. Na3 Ne5 19. Bxh7+ Kh8 20. Be4 Nxe4 21. Qxe4
Qxe4 22. Nxe4 Bxe4 23. fxe4 c4 24. Rfc1 Rac8 25. Rc3 Rc7 26. Bd4 Bxa3 27. Raxa3
Ng6 28. h4 Kg8 29. Rg3 Re7 30. Bc5 Ree8 31. Bxf8 Rxf8 32. h5 Ne5 33. h6 Kh7 34.
hxg7 Rg8 35. Rg5 Ng6 36. Rh3+ Kxg7 37. Rc3 Rc8 38. b3 f6 39. Rgg3 Re8 40. Rxc4
Kf7 41. Rc7+ Ke6 42. Rxg6 Ke5 43. Rgg7 Kxe4 44. Rge7+ Rxe7 45. Rxe7+ Kf5 46.
Ra7 Kg4 47. Rxa6 Kf5 48. b4 Ke5 49. b5 Kf5 50. b6 1-0

[Event "ENCI Limburg-open C"]
[Site "Maastricht"]
[Date "2009.06.01"]
[Round "7"]
[White "Bokern, Peter"]
[Black "Hebels, Alex"]
[Result "1/2-1/2"]
[WhiteElo "1388"]
[BlackElo "1144"]
[PlyCount "34"]
[EventDate "2009.05.29"]
[EventType "swiss"]
[EventRounds "7"]
[EventCountry "NED"]
[Source "P.Boonen"]
[SourceDate "2010.01.01"]

1. e4 Nf6 2. Nc3 d5 3. e5 d4 4. exf6 dxc3 5. Bc4 cxd2+ 6. Qxd2 Qxd2+ 7. Bxd2
exf6 8. O-O-O Bc5 9. Re1+ Be6 10. Bxe6 fxe6 11. Rxe6+ Kf7 12. Re2 Nc6 13. Nf3
Rhe8 14. Rhe1 Rxe2 15. Rxe2 Re8 16. Kd1 Rxe2 17. Kxe2 Nd4+ 1/2-1/2

[Event "ENCI Limburg-open C"]
[Site "Maastricht"]
[Date "2009.06.01"]
[Round "7"]
[White "Callebaut, Angie"]
[Black "Bokern, Paul"]
[Result "0-1"]
[WhiteElo "698"]
[BlackElo "1358"]
[PlyCount "80"]
[EventDate "2009.05.29"]
[EventType "swiss"]
[EventRounds "7"]
[EventCountry "NED"]
[Source "P.Boonen"]
[SourceDate "2010.01.01"]

1. e4 e6 2. Nf3 d5 3. d3 Nf6 4. Nc3 Bb4 5. Bd2 O-O 6. Be2 b6 7. O-O Bb7 8. exd5
Bxc3 9. Bxc3 Nxd5 10. Ne5 Nd7 11. Nxd7 Qxd7 12. Bh5 Nxc3 13. bxc3 Qe7 14. Bf3
Bxf3 15. Qxf3 Qc5 16. d4 Qd5 17. Qg3 c5 18. dxc5 Qxc5 19. Rae1 Rac8 20. Re3 Qa5
21. Rd1 Qxa2 22. Rc1 Rcd8 23. f3 Rd2 24. Qg4 Rxc2 25. Rxc2 Qxc2 26. f4 Rd8 27.
h3 Qd1+ 28. Kh2 Qxg4 29. hxg4 h6 30. g5 hxg5 31. fxg5 Rd5 32. Rg3 a5 33. c4 Rc5
34. g6 Rxc4 35. gxf7+ Kxf7 36. Rf3+ Ke7 37. g3 a4 38. Kg2 b5 39. Kf2 b4 40. Ke2
a3 0-1